Galicia / (Record no. 99615)
[ view plain ]
| 000 -LEADER | |
|---|---|
| campo de control de longitud fija | 00601nam a2200205 i 4500 |
| 001 - NÚMERO DE CONTROL | |
| campo de control | 99615 |
| 003 - IDENTIFICADOR DE NÚMERO DE CONTROL | |
| campo de control | ES-MaACL |
| 005 - FECHA Y HORA DE LA ÚLTIMA TRANSACCIÓN | |
| campo de control | 20230906182527.0 |
| 007 - CAMPO FIJO DE DESCRIPCIÓN FÍSICA--INFORMACIÓN GENERAL | |
| campo de control de longitud fija | t| |
| 008 - DATOS DE LONGITUD FIJA--INFORMACIÓN GENERAL | |
| campo de control de longitud fija | 050914s1957 sp ||||1| spa d |
| 100 1# - ENTRADA PRINCIPAL--NOMBRE DE PERSONA | |
| Nombre de persona | Martínez-Barbeito, Carlos, |
| Fechas asociadas al nombre | 1913-1997 |
| 9 (RLIN) | 77884 |
| 245 10 - MENCIÓN DEL TÍTULO | |
| Título | Galicia / |
| Mención de responsabilidad, etc. | Carlos Martínez-Barbeito. |
| 250 ## - MENCION DE EDICION | |
| Mención de edición | [1ª ed.]. |
| 300 ## - DESCRIPCIÓN FÍSICA | |
| Extensión | 524 p., 6 gráf. pleg. : |
| Otras características físicas | il. ; |
| Dimensiones | 22 cm. |
| 490 1# - MENCIÓN DE SERIE | |
| Mención de serie | Guías de España |
| 651 #4 - PUNTO DE ACCESO ADICIONAL DE MATERIA--NOMBRE GEOGRÁFICO | |
| Nombre geográfico | Galicia- |
| Subdivisión de forma | Guías turísticas. |
| 9 (RLIN) | 8727 |
| 830 0# - PUNTO DE ACCESO ADICIONAL DE SERIE-TÍTULO UNIFORME | |
| Título uniforme | Guías de España |
| 9 (RLIN) | 182984 |
| 852 ## - LOCALIZACIÓN | |
| Ubicación | ES-MaACL |
| Número de control de estantería | C-12877 |
| Sublocalización o colección | R.41182 |
| Estatus retirado | Estado de pérdida | Estado de daño | No para préstamo | Biblioteca de origen | Biblioteca actual | Ubicación en estantería | Fecha de adquisición | Fuente de adquisición | Total de préstamos | Signatura topográfica completa | Código de barras | Visto por última vez | Precio de reemplazo | Tipo de ítem Koha |
|---|---|---|---|---|---|---|---|---|---|---|---|---|---|---|
| Biblioteca del Ateneo de Madrid | Biblioteca del Ateneo de Madrid | Sala Palomar | 17/01/2008 | C-12877 | 1104016 | 23/02/2023 | 23/02/2023 | Libro impreso |
